000 01147nam0a2200289 4500
001 RU\NLR\BIBL_A\012772106
005 20250624151916.0
010 _91500
035 _a(NLR Aleph) 012772106
090 _a13308700
_c13308700
100 _a20220422d1960 |||y0rusy50 ca
101 0 _achv
102 _aRU
105 _ay z 000 y
181 0 _ai
_baxxe
182 0 _an
200 1 _aВыльăх апачě туса илесси
_fМ. Г. Долгов, Патăръел районěнчи "Гвардеец" колхоз председателě, Чăваш АССР тава тивěçлě агрономě, Чăваш АССР Верховнăй Совечěн депутачě
203 _aТекст
_bвизуальный
_cнепосредственный
210 _aШупашкар
_cЧăваш АССР Гос. изд-ви
_d1960
215 _a25,[2] с.
_d20
541 1 _aОрганизация кормовой базы
_zrus
686 1 _aУ9(2)321.81-53
700 1 _aДолгов
_bМ. Г.
_gМихаил Герасимович
_4070
852 _aNLR
_bОНЛ
_jЧув./2-2754
942 _cBOOK
980 _aNB